00743 2200253 4500001002100000005001500021035002000036007000300056008004100059020001800100082001200118084001800130100003000148245011300178250001000291260003700301300003200338650002200370700002400392700001900416520003000435990001200465990001200477INLIS00000000000187020180406094738 a0010-0418000027ta180406 g 0 ind  a979-8143-09-4 a297.325 a297.325 HUS e0 aHUSAMMUDDIN, Musa 'Afanah1 aEnsiklopedi Aqiqah /cHusamuddin bin Musa 'Afanah; penerjemah, Farid Abdul Qurusy; penyunting, Yusuf Maulana acet.1 aYogyakarta :bPro-U Media,c2003 a237 hlm. :bilus. ;c23 cm. aQURBAN DAN AQIQAH0 aFARID, Abdul Qurusy0 aYUSUF, Maulana abibliografi: hlm. 229-237 a16581 a a16581 b